00981 a2200205 45000010006000000050017000060080041000230030015000640400040000790800130001192450107002492640035003563000019003915050260004101000024006707000023006947000020007177000018007377000020007553239420260407155622.0260407a1973 arg spa dAR-UNSa-BCEJYS aAR-UNSa-BCEJYSbspacAR-UNSa-BCEJYS a658.01xMetodología. Teoría y práctica de la organización( teoria de la organización, análisis organizacional...)10aCuestionando en administraciónpEl taylorismo, las relaciones humanas, las burocracias, el marketing 1aBuenos Aires :bPaidósc1973 a211 p.c20 cm. a1. Taylorismo y ciencias del hombre - 2. La fabricación de hombre - 3. Las relaciones humanas :¿Progreso o mistificación? - 4. La racionalidad irracional de la burocracia - 5. Comicaciones de masas, organizaciones oligopolicas y mercados modernos. 1 aKliksberg, Bernardo1 aFriedmann, Georges1 aCrozier, Michel1 aFraisse, Paul1 akliksberg, Naum